000 01102nam a2200217Ia 4500
003 Ost
005 20260416102356.0
008 260416s9999||||xx |||||||||||||| ||und||
040 _cfsecg
041 _aara
082 _a310
100 _aقريسي، ياسين
_eمؤلف
245 0 _a الإحصاء 1 /
_c ياسين قريسي
260 _aالجزائر
_bجامعة الجزائر3: كلية العلوم الإقتصادية، العلوم التجارية وعلوم التسيير
_c2021
300 _a74 ورقة
_bايضاحات
_c30 سم
504 _aمراجع ص.70
520 _aمفاهيم أساسية في علم الاحصاء ، العرض الجدولي للبيانات الاحصائية ، العرض البياني للبيانات الاحصائية ، مقاييس النزعة المركزية ، مقاييس التشتت ، مقاييس الشكل
653 _aالاحصاء
710 _aجامعة الجزائر3: كلية العلوم الإقتصادية، العلوم التجارية وعلوم التسيير
_eناشر علمي
942 _cHANDOUT
999 _c41229
_d41229